Underdog (Record no. 51419)
[ view plain ]
| 000 -LEADER | |
|---|---|
| fixed length control field | 04741cgm a2200961Ia 4500 |
| 003 - CONTROL NUMBER IDENTIFIER | |
| control field | OCoLC |
| 005 - DATE AND TIME OF LATEST TRANSACTION | |
| control field | 20241220121435.0 |
| 007 - PHYSICAL DESCRIPTION FIXED FIELD--GENERAL INFORMATION | |
| fixed length control field | vd cvaizq |
| 008 - FIXED-LENGTH DATA ELEMENTS--GENERAL INFORMATION | |
| fixed length control field | 070920s2007 cau082 vceng d |
| 001 - CONTROL NUMBER | |
| control field | ocn173190485 |
| 035 ## - SYSTEM CONTROL NUMBER | |
| System control number | (Sirsi) i9780788876844 |
| 040 ## - CATALOGING SOURCE | |
| Original cataloging agency | TEFMT |
| Transcribing agency | TEFMT |
| Modifying agency | TEF |
| -- | BTCTA |
| -- | OCLCQ |
| -- | LPU |
| -- | MNL |
| -- | UPZ |
| -- | UINTA |
| 020 ## - INTERNATIONAL STANDARD BOOK NUMBER | |
| International Standard Book Number | 0788876848 |
| 020 ## - INTERNATIONAL STANDARD BOOK NUMBER | |
| International Standard Book Number | 9780788876844 |
| 024 1# - OTHER STANDARD IDENTIFIER | |
| Standard number or code | 786936734300 |
| 028 41 - PUBLISHER NUMBER | |
| Publisher number | 54307 |
| Source | Walt Disney Studios Home Entertainment |
| 035 ## - SYSTEM CONTROL NUMBER | |
| System control number | (OCoLC)173190485 |
| 037 ## - SOURCE OF ACQUISITION | |
| Source of stock number/acquisition | Midwest Tape |
| Note | http://www.midwesttapes.com |
| 041 1# - LANGUAGE CODE | |
| Language code of text/sound track or separate title | eng |
| -- | fre |
| -- | spa |
| Language code of summary or abstract/overprinted title or subtitle | eng |
| -- | fre |
| -- | spa |
| Language code of original and/or intermediate translations of text | eng |
| 050 14 - LIBRARY OF CONGRESS CALL NUMBER | |
| Classification number | PN1995.9.C55 |
| Item number | U5347364 2007 |
| 082 04 - DEWEY DECIMAL CLASSIFICATION NUMBER | |
| Classification number | 791.43/72 |
| Edition number | 22 |
| 049 ## - LOCAL HOLDINGS (OCLC) | |
| Holding library | UCLB |
| 092 ## - LOCALLY ASSIGNED DEWEY CALL NUMBER (OCLC) | |
| Classification number | 791.437 |
| 245 00 - TITLE STATEMENT | |
| Title | Underdog |
| Medium | [videorecording] / |
| Statement of responsibility, etc | Have No Fear Productions ; Walt Disney Pictures ; Maverick Film Company ; Birnbaum/Barber ; Classic Media ; Spyglass Entertainment ; produced by Gary Barber, Roger Birnbaum, Jonathan Glickman, Jay Polstein ; story by Joe Piscatella & Craig A. Williams and Adam Rifkin ; screenplay by Adam Rifkin and Joe Piscatella & Craig A. Williams ; directed by Frederik Du Chau. |
| 260 ## - PUBLICATION, DISTRIBUTION, ETC. (IMPRINT) | |
| Place of publication, distribution, etc | Burbank, CA : |
| Name of publisher, distributor, etc | Walt Disney Studios Home Entertainment, |
| Date of publication, distribution, etc | c2007. |
| 300 ## - PHYSICAL DESCRIPTION | |
| Extent | 1 videodisc (ca. 82 min.) : |
| Other physical details | sd., col. ; |
| Dimensions | 4 3/4 in. |
| 440 #0 - SERIES STATEMENT/ADDED ENTRY--TITLE | |
| Title | Disney DVD |
| 9 (RLIN) | 70029 |
| 538 ## - SYSTEM DETAILS NOTE | |
| System details note | DVD; region 1; full screen (1.33:1) and widescreen (1.85:1) presentations. |
| 546 ## - LANGUAGE NOTE | |
| Language note | English subtitles for the deaf and hard of hearing (SDH); in English (Dolby Digital 5.1 surround), French (Dolby Digital 5.1 surround) or Spanish (Dolby Digital 5.1 surround ) with optional English, French or Spanish subtitles. |
| 511 1# - PARTICIPANT OR PERFORMER NOTE | |
| Participant or performer note | Peter Dinklage, James Belushi, Patrick Warburton, Alex Neuberger, Taylor Momsen, John Slattery, Samantha Bee. |
| 511 0# - PARTICIPANT OR PERFORMER NOTE | |
| Participant or performer note | Voices: Jason Lee, Amy Adams, Brad Garrett. |
| 508 ## - CREATION/PRODUCTION CREDITS NOTE | |
| Creation/production credits note | Director of photography, David Eggby ; editor, Tom Finan ; music, Randy Edelman ; costume designer, Gary Jones ; production designer, Garreth Stover ; visual effects supervisors, Mark Dornfeld, Joel H. Thornton, Hoyt Yeatman. |
| 500 ## - GENERAL NOTE | |
| General note | Based on the television cartoon series created by W. Watts Biggers. |
| 521 8# - TARGET AUDIENCE NOTE | |
| Target audience note | MPAA rating: PG; for rude humor, mild language, and action. |
| 520 ## - SUMMARY, ETC. | |
| Summary, etc | After an accident in the lab of the maniacal Dr. Barsinister, an ordinary beagle named Shoeshine finds he has some unimaginable powers, along with the ability to speak. Underdog vows to protect the citizens of Capitol City, and one beautiful spaniel named Polly Purebred. |
| 500 ## - GENERAL NOTE | |
| General note | Special features: Never-before-seen bloopers and deleted scenes; "Sit, stay, act. Diary of a dog actor" featurette; 'Underdog' original cartoon episode; "Underdog raps" music video performance by Kyle Massey. |
| 506 ## - RESTRICTIONS ON ACCESS NOTE | |
| Terms governing access | For private home use only. |
| 650 #0 - SUBJECT ADDED ENTRY--TOPICAL TERM | |
| Topical term or geographic name as entry element | Beagle (Dog breed) |
| Form subdivision | Drama. |
| 9 (RLIN) | 6508238 |
| 650 #0 - SUBJECT ADDED ENTRY--TOPICAL TERM | |
| Topical term or geographic name as entry element | Animal heroes |
| Form subdivision | Drama. |
| 9 (RLIN) | 6508239 |
| 650 #0 - SUBJECT ADDED ENTRY--TOPICAL TERM | |
| Topical term or geographic name as entry element | Accidents |
| Form subdivision | Drama. |
| 9 (RLIN) | 5760896 |
| 650 #0 - SUBJECT ADDED ENTRY--TOPICAL TERM | |
| Topical term or geographic name as entry element | Human-animal relationships |
| Form subdivision | Drama. |
| 9 (RLIN) | 5692867 |
| 650 #0 - SUBJECT ADDED ENTRY--TOPICAL TERM | |
| Topical term or geographic name as entry element | Feature films. |
| 9 (RLIN) | 6179345 |
| 650 #0 - SUBJECT ADDED ENTRY--TOPICAL TERM | |
| Topical term or geographic name as entry element | Comedy films. |
| 9 (RLIN) | 6179346 |
| 655 #0 - INDEX TERM--GENRE/FORM | |
| Genre/form data or focus term | Fantasy films. |
| 9 (RLIN) | 6179347 |
| 655 #7 - INDEX TERM--GENRE/FORM | |
| Genre/form data or focus term | Comedy |
| Form subdivision | Feature. |
| Source of term | local |
| 9 (RLIN) | 5696136 |
| 655 #7 - INDEX TERM--GENRE/FORM | |
| Genre/form data or focus term | Fantasy |
| Form subdivision | Feature. |
| Source of term | local |
| 9 (RLIN) | 5692408 |
| 655 #7 - INDEX TERM--GENRE/FORM | |
| Genre/form data or focus term | Animal |
| Form subdivision | Feature. |
| Source of term | local |
| 9 (RLIN) | 5710557 |
| 655 #0 - INDEX TERM--GENRE/FORM | |
| Genre/form data or focus term | Feature films. |
| 9 (RLIN) | 6179348 |
| 655 #0 - INDEX TERM--GENRE/FORM | |
| Genre/form data or focus term | Comedy films. |
| 9 (RLIN) | 6179349 |
| 655 #0 - INDEX TERM--GENRE/FORM | |
| Genre/form data or focus term | Films for the hearing impaired. |
| 9 (RLIN) | 6179350 |
| 655 #7 - INDEX TERM--GENRE/FORM | |
| Genre/form data or focus term | Videodiscs. |
| Source of term | local |
| 9 (RLIN) | 5674338 |
| 655 #7 - INDEX TERM--GENRE/FORM | |
| Genre/form data or focus term | DVD-Video discs. |
| Source of term | local |
| 9 (RLIN) | 5673658 |
| 700 1# - ADDED ENTRY--PERSONAL NAME | |
| Personal name | Belushi, James, |
| Dates associated with a name | 1954- |
| 9 (RLIN) | 37933 |
| 700 1# - ADDED ENTRY--PERSONAL NAME | |
| Personal name | Barber, Gary. |
| 9 (RLIN) | 69334 |
| 700 1# - ADDED ENTRY--PERSONAL NAME | |
| Personal name | Birnbaum, Roger. |
| 9 (RLIN) | 76579 |
| 700 1# - ADDED ENTRY--PERSONAL NAME | |
| Personal name | Glickman, Jonathan. |
| 9 (RLIN) | 69335 |
| 700 1# - ADDED ENTRY--PERSONAL NAME | |
| Personal name | Polstein, Jay. |
| 9 (RLIN) | 69427 |
| 700 1# - ADDED ENTRY--PERSONAL NAME | |
| Personal name | Piscatella, Joe. |
| 9 (RLIN) | 56563 |
| 700 1# - ADDED ENTRY--PERSONAL NAME | |
| Personal name | Williams, Craig A. |
| 9 (RLIN) | 56252 |
| 700 1# - ADDED ENTRY--PERSONAL NAME | |
| Personal name | Rifkin, Adam, |
| Dates associated with a name | 1966- |
| 9 (RLIN) | 64608 |
| 700 1# - ADDED ENTRY--PERSONAL NAME | |
| Personal name | Du Chau, Frederik. |
| 9 (RLIN) | 74587 |
| 700 1# - ADDED ENTRY--PERSONAL NAME | |
| Personal name | Dinklage, Peter. |
| 9 (RLIN) | 70706 |
| 700 1# - ADDED ENTRY--PERSONAL NAME | |
| Personal name | Warburton, Patrick. |
| 9 (RLIN) | 71244 |
| 700 1# - ADDED ENTRY--PERSONAL NAME | |
| Personal name | Neuberger, Alex. |
| 9 (RLIN) | 6179351 |
| 700 1# - ADDED ENTRY--PERSONAL NAME | |
| Personal name | Momsen, Taylor. |
| 9 (RLIN) | 51932 |
| 700 1# - ADDED ENTRY--PERSONAL NAME | |
| Personal name | Slattery, John, |
| Dates associated with a name | 1963- |
| 9 (RLIN) | 70488 |
| 700 1# - ADDED ENTRY--PERSONAL NAME | |
| Personal name | Bee, Samantha. |
| 9 (RLIN) | 5815406 |
| 700 1# - ADDED ENTRY--PERSONAL NAME | |
| Personal name | Lee, Jason. |
| 9 (RLIN) | 5828323 |
| 700 1# - ADDED ENTRY--PERSONAL NAME | |
| Personal name | Adams, Amy. |
| 9 (RLIN) | 69264 |
| 700 1# - ADDED ENTRY--PERSONAL NAME | |
| Personal name | Garrett, Brad, |
| Dates associated with a name | 1960- |
| 9 (RLIN) | 77092 |
| 700 1# - ADDED ENTRY--PERSONAL NAME | |
| Personal name | Biggers, W. W. |
| 9 (RLIN) | 6895 |
| 710 2# - ADDED ENTRY--CORPORATE NAME | |
| Corporate name or jurisdiction name as entry element | Have No Fear Productions (Firm) |
| 9 (RLIN) | 6179352 |
| 710 2# - ADDED ENTRY--CORPORATE NAME | |
| Corporate name or jurisdiction name as entry element | Walt Disney Pictures. |
| 9 (RLIN) | 22141 |
| 710 2# - ADDED ENTRY--CORPORATE NAME | |
| Corporate name or jurisdiction name as entry element | Maverick Films. |
| 9 (RLIN) | 69432 |
| 710 2# - ADDED ENTRY--CORPORATE NAME | |
| Corporate name or jurisdiction name as entry element | Birnbaum/Barber (Firm) |
| 9 (RLIN) | 6179353 |
| 710 2# - ADDED ENTRY--CORPORATE NAME | |
| Corporate name or jurisdiction name as entry element | Classic Media, Inc. |
| 9 (RLIN) | 77356 |
| 710 2# - ADDED ENTRY--CORPORATE NAME | |
| Corporate name or jurisdiction name as entry element | Spyglass Entertainment (Firm) |
| 9 (RLIN) | 58996 |
| 710 2# - ADDED ENTRY--CORPORATE NAME | |
| Corporate name or jurisdiction name as entry element | Walt Disney Home Entertainment (Firm) |
| 9 (RLIN) | 70855 |
| 938 ## - | |
| -- | Baker and Taylor |
| -- | BTCP |
| -- | BEDDWD 54307 |
| 942 ## - ADDED ENTRY ELEMENTS (KOHA) | |
| Koha item type | DVD |
| 994 ## - | |
| -- | C0 |
| -- | UINTA |
| 998 ## - LOCAL CONTROL INFORMATION (RLIN) | |
| -- | a111537 |
| Withdrawn status | Lost status | Source of classification or shelving scheme | Damaged status | Not for loan | Collection code | Home library | Current library | Shelving location | Date acquired | Source of acquisition | Cost, normal purchase price | Total Checkouts | Total Renewals | Full call number | Barcode | Date last seen | Date checked out | Cost, replacement price | Price effective from | Koha item type |
|---|---|---|---|---|---|---|---|---|---|---|---|---|---|---|---|---|---|---|---|---|
| Dewey Decimal Classification | Movies | Wasatch County Library | Wasatch County Library | Audio Visual Area | 02/14/2020 | Donation | 5.99 | 6 | 7 | DVD Und | 34301001311069 | 01/14/2026 | 01/05/2026 | 5.99 | 03/20/2020 | DVD |
